Top 50 Fifa Teams - Statistics

General Stats
  • This quiz has been taken 21 times
  • The average score is 40 of 50
Answer Stats
Rank Country % Correct
3 France
100%
10 Germany
100%
1 Spain
100%
27 Australia
94%
5 Brazil
94%
21 Denmark
94%
13 Italy
94%
19 Japan
94%
16 Mexico
94%
2 Argentina
89%
9 Belgium
89%
11 Croatia
89%
31 Egypt
89%
4 England
89%
8 Morocco
89%
7 Netherlands
89%
32 Norway
89%
6 Portugal
89%
36 Russia
89%
42 Sweden
89%
25 Turkey
89%
15 United States
89%
24 Austria
83%
29 Canada
83%
46 Greece
83%
22 South Korea
83%
18 Switzerland
83%
30 Ukraine
83%
14 Colombia
78%
41 Hungary
78%
26 Nigeria
78%
34 Poland
78%
49 Romania
78%
38 Scotland
78%
39 Serbia
78%
17 Uruguay
78%
37 Cote 'dIvoire
72%
20 Iran
72%
44 Slovakia
72%
35 Wales
72%
28 Algeria
67%
45 Cameroon
67%
40 Paraguay
67%
12 Senegal
67%
43 Czechia
61%
50 Venezuela
61%
47 Tunisia
56%
23 Ecuador
50%
33 Panama
50%
48 D.R Congo
33%
No matching quizzes found
Score Distribution
Percent of People with Each Score
Percentile by Number Answered
Your Score History
You have not taken this quiz